LEADER 01445nam a22002891i 4500 001 991000392939707536 005 20030228205601.0 008 021005s1990 fr |||||||||||||||||fre 020 $a2853992225 035 $ab11998477-39ule_inst 035 $aARCHE-008827$9ExL 040 $aDip.to Filologia Ling. e Lett.$bita$cA.t.i. Arché s.c.r.l. Pandora Sicilia s.r.l. 082 04$a860.9002 245 00$aEcrire à la fin du Moyen-Age :$ble pouvoir et l'écriture en Espagne et en Italie (1450-1530) : colloque international France-Espagne-Italie : Aix en Provence, 20-21-22 octobre 1988 /$c[organizzato da] Centre aixois de recherches hispaniques, Centre aixois de recherches italiennes 260 $aAix en Provence :$bUniversité de Provence,$c1990 300 $aVIII, 330 p. ;$c21 cm 490 0$aÉtudes hispano-italiennes 650 4$aLetteratura drammatica$xSpagna$x1450-1530 650 4$aLetteratura drammatica$xItalia$x1450-1530 710 2 $aCentre aixois de recherches hispaniques$eauthor$4http://id.loc.gov/vocabulary/relators/aut$0736848 710 2 $aCentre aixois de recherches italiennes 907 $a.b11998477$b28-04-17$c01-04-03 912 $a991000392939707536 945 $aLE008 FL.M. (f.r.) XXII B 263$g1$i2008000513450$lle008$o-$pE0.00$q-$rl$s- $t0$u0$v0$w0$x0$y.i12283228$z01-04-03 996 $aEcrire à la fin du Moyen-Age$91457570 997 $aUNISALENTO 998 $ale008$b01-04-03$cm$da $e-$ffre$gfr $h0$i1